[Event "London CSC Weekend U2050 op 10th"]
[Site "London"]
[Date "2018.12.16"]
[Round "4"]
[White "John, Adam"]
[Black "Iyengar, Ilya"]
[Result "0-1"]
[WhiteElo "1646"]
[BlackElo "2001"]
[PlyCount "146"]
[EventDate "2018.12.14"]
[EventType "swiss"]
[EventRounds "5"]
[EventCountry "ENG"]
[SourceTitle "EXT 2020"]
[Source "ChessBase"]
[SourceDate "2019.10.17"]
[SourceVersion "1"]
[SourceVersionDate "2019.10.17"]
[SourceQuality "1"]

1. e4 c5 2. g3 Nc6 3. Bg2 g6 4. d3 Bg7 5. f4 d6 6. Nf3 Rb8 7. 0-0 e6 8. Kh1 Nge7 9. Nbd2 0-0 10. Nc4 b5 11. Ne3 Nd4 12. Nxd4 cxd4 13. Ng4 Bb7 14. Qe2 h5 15. Nf2 Qc7 16. Nh3 Rbc8 17. Rf2 Qc5 18. a4 b4 19. b3 Rc7 20. Bb2 Rfc8 21. Qf1 f6 22. Bf3 e5 23. Qg2 d5 24. Raf1 dxe4 25. dxe4 Qd6 26. fxe5 fxe5 27. Ng5 Ba6 28. Rd1 Rf8 29. h4 Bh6 30. Bc1 Qf6 31. Kg1 Rc3 32. Be2 Qxf2+ 33. Qxf2 Rxf2 34. Kxf2 Rxc2 35. Bd2 Bxe2 36. Kxe2 Bxg5 37. hxg5 a5 38. Rc1 Rxc1 39. Bxc1 Kf7 40. Kd3 Ke6 41. Kc4 Kd6 42. Bd2 Kc6 43. Bc1 Nc8 44. Kd3 Nd6 45. Bb2 Nb7 46. Bxd4 exd4 47. Kxd4 Nd6 48. Ke5 Kc5 49. Kf6 Nxe4+ 50. Kxg6 Nxg3 51. Kh6 h4 52. g6 h3 53. Kg5 h2 54. g7 h1Q 55. g8Q Qd5+ 56. Qxd5+ Kxd5 57. Kf4 Ne2+ 58. Ke3 Nc1 59. Kd2 Nxb3+ 60. Kc2 Nc5 61. Kb2 Nxa4+ 62. Kb3 Nc5+ 63. Kc2 Kc4 64. Kb2 a4 65. Kb1 Kc3 66. Kc1 b3 67. Kb1 Nd3 68. Ka1 b2+ 69. Kb1 Nc5 70. Ka2 Nb3 71. Ka3 b1Q 72. Kxa4 Nd4 73. Ka5 Qb5# 0-1

[Event "BCF-chT4S 1819 (4NCL)"]
[Site "England"]
[Date "2018.11.18"]
[Round "2.163"]
[White "John, Adam"]
[Black "Karpe, Reya"]
[Result "1-0"]
[WhiteElo "1653"]
[BlackElo "1255"]
[PlyCount "77"]
[EventDate "2018.11.17"]
[EventType "team-swiss"]
[EventRounds "11"]
[EventCountry "ENG"]
[SourceTitle "EXT 2021"]
[Source "ChessBase"]
[SourceDate "2020.10.23"]
[SourceVersion "1"]
[SourceVersionDate "2020.10.23"]
[SourceQuality "1"]
[WhiteTeam "Iceni III"]
[BlackTeam "Barnet Knights IV"]
[WhiteTeamCountry "ENG"]
[BlackTeamCountry "ENG"]

1. e4 d5 2. exd5 Nf6 3. Nc3 Nxd5 4. Bc4 Nb6 5. Bb3 c5 6. d3 Nc6 7. Nge2 Bf5 8. Ng3 Bg6 9. 0-0 e6 10. Nge4 Be7 11. Bf4 0-0 12. Qd2 Nd4 13. Rfe1 Rc8 14. Bc4 Bf5 15. h3 Bxh3 16. Qd1 Bf5 17. Nb5 Nc6 18. Nbd6 Bxd6 19. Nxd6 Ra8 20. Nxb7 Nc8 21. Nxd8 Rxd8 22. Qf3 N8e7 23. c3 Na5 24. Bc7 Rf8 25. Bxa5 Kh8 26. b4 cxb4 27. Bxb4 Rg8 28. Bxe7 Rae8 29. Bd6 Bg6 30. Bb5 Rc8 31. c4 Rcd8 32. c5 Rc8 33. Bd7 Rcd8 34. c6 Ra8 35. c7 a5 36. Rab1 Ra6 37. Rb8 Rxd6 38. Rxg8+ Kxg8 39. Qa8# 1-0

[Event "Nottingham 4NCL Major op"]
[Site "Nottingham"]
[Date "2018.09.30"]
[Round "4"]
[White "John, Adam"]
[Black "Livesey, R Nigel"]
[Result "1/2-1/2"]
[WhiteElo "1585"]
[BlackElo "1758"]
[PlyCount "83"]
[EventDate "2018.09.28"]
[EventType "swiss"]
[EventRounds "5"]
[EventCountry "ENG"]
[SourceTitle "CBM 187 Extra"]
[Source "ChessBase"]
[SourceDate "2018.11.04"]
[SourceVersion "1"]
[SourceVersionDate "2018.11.04"]
[SourceQuality "1"]

1. e4 c6 2. d4 d5 3. Nc3 b5 4. e5 b4 5. Nce2 Ba6 6. Nf3 e6 7. g3 c5 8. Bg2 Nc6 9. Be3 cxd4 10. Bxd4 Nh6 11. 0-0 Nf5 12. Re1 Nfxd4 13. Nexd4 Qb6 14. Nxc6 Qxc6 15. Nd4 Qb6 16. Qd2 Bc5 17. Nb3 Be7 18. Rac1 0-0 19. Nd4 Rac8 20. Ne2 Rc7 21. Bf3 h6 22. h4 Rfc8 23. Kg2 Bc5 24. Nf4 Bd4 25. Nd3 Bxd3 26. cxd3 Rxc1 27. Rxc1 Rxc1 28. Qxc1 Bxf2 29. Bh5 Qe3 30. Qc8+ Kh7 31. Bxf7 Qxg3+ 32. Kf1 Qh3+ 33. Ke2 Qe3+ 34. Kf1 Qxd3+ 35. Kg2 Qg3+ 36. Kf1 Qh3+ 37. Ke2 Qg4+ 38. Kf1 Qd1+ 39. Kg2 Qg1+ 40. Kf3 Qg3+ 41. Ke2 Qxe5+ 42. Kf1 1/2-1/2

[Event "Nottingham 4NCL Major op"]
[Site "Nottingham"]
[Date "2018.09.30"]
[Round "5"]
[White "McDonnell, James J"]
[Black "John, Adam"]
[Result "0-1"]
[WhiteElo "1835"]
[BlackElo "1585"]
[PlyCount "126"]
[EventDate "2018.09.28"]
[EventType "swiss"]
[EventRounds "5"]
[EventCountry "ENG"]
[SourceTitle "CBM 187 Extra"]
[Source "ChessBase"]
[SourceDate "2018.11.04"]
[SourceVersion "1"]
[SourceVersionDate "2018.11.04"]
[SourceQuality "1"]

1. e4 e6 2. d4 d5 3. Nd2 c5 4. exd5 exd5 5. Bb5+ Bd7 6. Qe2+ Qe7 7. Bxd7+ Nxd7 8. Ngf3 Qxe2+ 9. Kxe2 Ngf6 10. Re1 Be7 11. Kf1 Nf8 12. dxc5 Ne6 13. Nb3 0-0 14. Be3 Rac8 15. c3 Rc7 16. Nbd4 Nxc5 17. Nb5 Rcc8 18. Nxa7 Ra8 19. Nb5 Rac8 20. Bg5 Rfe8 21. Rad1 Nce4 22. Be3 Bc5 23. h3 Bxe3 24. Rxe3 Ng3+ 25. Kg1 Rxe3 26. fxe3 Nf5 27. Rd3 Re8 28. Kf2 Ne4+ 29. Ke2 g6 30. Nc7 Rd8 31. Nxd5 Kg7 32. c4 h5 33. g4 hxg4 34. hxg4 Nfg3+ 35. Ke1 Rh8 36. Kd1 Nf2+ 37. Kc2 Nxd3 38. Kxd3 f5 39. gxf5 Nxf5 40. a4 Rc8 41. b4 Kh6 42. e4 Ng7 43. Ne5 Ne6 44. Nf7+ Kh5 45. Nd6 Rb8 46. a5 g5 47. Nf6+ Kh4 48. Nf5+ Kh3 49. Ne3 Rd8+ 50. Kc3 Nf4 51. b5 Rd3+ 52. Kb4 Rxe3 53. a6 bxa6 54. bxa6 Re1 55. Kb5 Ra1 56. Kb6 Ne6 57. a7 g4 58. Nxg4 Kxg4 59. Kb7 Nd8+ 60. Kb6 Kf4 61. c5 Kxe4 62. Kc7 Rxa7+ 63. Kxd8 Kd5 0-1

[Event "Nottingham 4NCL Major op"]
[Site "Nottingham"]
[Date "2018.09.29"]
[Round "3"]
[White "Hughes, Peter2222"]
[Black "John, Adam"]
[Result "1-0"]
[WhiteElo "1874"]
[BlackElo "1585"]
[PlyCount "65"]
[EventDate "2018.09.28"]
[EventType "swiss"]
[EventRounds "5"]
[EventCountry "ENG"]
[SourceTitle "CBM 187 Extra"]
[Source "ChessBase"]
[SourceDate "2018.11.04"]
[SourceVersion "1"]
[SourceVersionDate "2018.11.04"]
[SourceQuality "1"]

1. d4 Nf6 2. c4 g6 3. Nc3 d5 4. f3 Bf5 5. cxd5 c6 6. e4 Bd7 7. dxc6 bxc6 8. Be3 Bg7 9. Bc4 0-0 10. Nge2 Bc8 11. 0-0 Bb7 12. Qd2 Nbd7 13. Rad1 e5 14. Bb3 exd4 15. Bxd4 c5 16. Be3 Qe7 17. Nf4 Nb6 18. Qf2 Rac8 19. Bd5 Ba8 20. Bxa8 Nxa8 21. Nfd5 Nxd5 22. Rxd5 Rfd8 23. Rfd1 Rxd5 24. Rxd5 Bf8 25. Rd1 Nb6 26. Nd5 Nxd5 27. Rxd5 Qc7 28. Qd2 Qb6 29. Rd7 a6 30. Qd5 Qf6 31. Bg5 Qg7 32. e5 h6 33. Bf6 1-0

[Event "EU School-ch U11"]
[Site "Budva"]
[Date "2017.06.16"]
[Round "6.4"]
[White "John, Adam"]
[Black "Akin, Yagiz Cinar"]
[Result "1/2-1/2"]
[WhiteElo "1657"]
[BlackElo "1824"]
[PlyCount "44"]
[EventDate "2017.06.11"]
[EventType "swiss"]
[EventRounds "9"]
[EventCountry "MNE"]
[SourceTitle "EXT 2024"]
[Source "ChessBase"]
[SourceDate "2023.10.10"]
[SourceVersion "1"]
[SourceVersionDate "2023.10.10"]
[SourceQuality "1"]

1. e4 c5 2. g3 Nc6 3. Bg2 g6 4. d3 Bg7 5. f4 d6 6. Nf3 Nf6 7. 0-0 0-0 8. c3 Qb6 9. Kh1 Rd8 10. Qe2 Be6 11. Na3 h6 12. Nc2 Qa6 13. Rg1 Rac8 14. Nh4 Bg4 15. Nf3 Bd7 16. Nh4 Rb8 17. Ne3 Na5 18. Rb1 Nc6 19. Ra1 Na5 20. Rb1 Nh7 21. f5 g5 22. f6 Bxf6 1/2-1/2

[Event "BCF-chT4S 1617 (4NCL)"]
[Site "England"]
[Date "2017.01.14"]
[Round "3.65"]
[White "Atalla, George"]
[Black "John, Adam"]
[Result "0-1"]
[WhiteElo "1547"]
[BlackElo "1667"]
[PlyCount "84"]
[EventDate "2016.11.26"]
[EventType "team-swiss"]
[EventRounds "11"]
[EventCountry "ENG"]
[SourceTitle "EXT 2019"]
[Source "ChessBase"]
[SourceDate "2018.10.10"]
[SourceVersion "1"]
[SourceVersionDate "2018.10.10"]
[SourceQuality "1"]
[WhiteTeam "Barnet Knights II"]
[BlackTeam "Anglian Avengers III"]
[WhiteTeamCountry "ENG"]
[BlackTeamCountry "ENG"]

1. d4 Nf6 2. Nf3 g6 3. g3 Bg7 4. Bg2 0-0 5. 0-0 d5 6. b3 c5 7. Ba3 cxd4 8. Nxd4 Re8 9. Nd2 a6 10. c4 e5 11. Nc2 Nc6 12. cxd5 Nxd5 13. Ne4 Bf5 14. Nd6 Nc3 15. Qd2 Nb5 16. e4 Nxa3 17. Nxa3 Nd4 18. Nxe8 Nf3+ 19. Bxf3 Qxd2 20. exf5 Rxe8 21. fxg6 hxg6 22. Rfd1 Qb4 23. Nc4 e4 24. Re1 Bxa1 25. Bxe4 Qxe1+ 26. Kg2 Qxe4+ 27. Kh3 Qxc4 28. bxc4 Re2 29. f4 Rxa2 30. c5 Rd2 31. g4 Bf6 32. Kg3 a5 33. g5 Bxg5 34. fxg5 a4 35. h4 a3 36. Kg4 a2 37. h5 a1Q 38. hxg6 fxg6 39. Kf4 Qd4+ 40. Kf3 Rf2+ 41. Kg3 Qe3+ 42. Kg4 Rf4# 0-1